Autonoma̕ municipal, ordenanzas fiscales y reserva de ley

Bibliographic Details
Main Author: Colao Marin, Pedro Angel
Format: Book
Language:Spanish
Published: Barcelona : J.M. Bosch Editor, 2011
Series:Coleccin̤ de fiscalidad
Subjects:
Online Access:Acceso restringido

MARC

LEADER 00000nam a2200000 a 4500
005 20120116145224.0
007 cr|||| ||||
008 110614s2011 spc f 000 0 spa c
017 |a DL SE. 3812-2011 
020 |a 9788476989661  
035 |a 6002 
040 |d vLex 
080 |a 336.22:352(460) 
090 |c 2924  |d 2924 
100 1 |a Colao Marin, Pedro Angel 
245 1 0 |a Autonoma̕ municipal, ordenanzas fiscales y reserva de ley  |h [Recurso electrn̤ico] /  |c Pedro ℓngel Colao Marn̕ 
256 |a Servicio en ln̕ea 
260 |a Barcelona :  |b J.M. Bosch Editor,  |c 2011 
300 |a 1 recurso electrn̤ico 
500 |a Los ayuntamientos gozan de autonoma̕ financiera, y de ciertos mr̀genes de decisin̤ polt̕ica en materia tributaria; adems̀, tienen la facultad de dictar disposiciones normativas: las ordenanzas. Estas disposiciones tienen rango reglamentario, pero no se pueden asimilar sin ms̀ a los reglamentos ejecutivos, porque al emanar de entes con capacidad de decisin̤ polt̕ica, de direccin̤, no se limitan a desarrollar una ley previa que ya ha asumido las opciones polt̕icas correspondientes, sino que pueden ir ms̀ all,̀ incorporando decisiones no meramente ejecutivas, no contenidas en el mandato de la norma con rango de ley. Por otra parte, el m̀bito tributario se encuentra afectado por la aplicacin̤ del principio de reserva de ley; esto implica la obligacin̤ de regular ciertas cuestiones en niveles normativos superiores al reglamentario, pero la interpretacin̤ y aplicacin̤ del principio son els̀ticas. La concurrencia de la autonoma̕ municipal con el principio de reserva de ley hace que las ordenanzas planteen problemas distintos a los de los meros reglamentos emanados del poder ejecutivo. El trabajo analiza estas cuestiones, y llega a conclusiones sobre el m̀bito posible de actuacin̤ de las ordenanzas, teniendo en cuenta que el principio de reserva de ley no sl̤o garantiza la autoimposicin̤, sino adems̀ determinados valores de coherencia o coordinacin̤ que se ligan de forma muy importante a la estructura del Estado que ha diseądo la Constitucin̤ Espaǫla. 
504 |a Bibliografa̕: p. [185]-190. Índice 
506 1 |a Contenido solo disponible en los productos indicados  |d vLex Global   |d vLex Global (Academic Edition, excluding Law Schools)   |d vLex Global (U.S. Academic Edition, Law Schools)   |d vLex Global (U.S. Academic Edition, excluding Law Schools)   |d vLex Global (Academic Edition, Law Schools)  
650 0 4 |a Autonoma̕ municipal  |z Espaą 
650 0 4 |a Impuestos locales  |z Espaą 
740 0 |a vLex Libros (Servicio en ln̕ea) 
830 0 |a Coleccin̤ de fiscalidad 
856 4 0 |u http://vlex.com/source/autonomia-municipal-ordenanzas-fiscales-reserva-ley-6002  |z Acceso restringido 
942 |c BOOK 
999 0 |a Local taxation 
999 0 |a Taxation - Law and legislation